| 000 | 00687nam a22002057a 4500 | ||
|---|---|---|---|
| 005 | 20230707022344.0 | ||
| 008 | 230131b |||||||| |||| 00| 0 eng d | ||
| 020 | _a971-42-0523-9 | ||
| 082 | _aFil. 519.2 F836 2004 | ||
| 100 |
_aFrany, Marie-Wendy J. _eauthor |
||
| 245 |
_aFundamentals of probability and statistics: _bfor engineering / _cMarie-Wendy J. Frany, Miriam S. P. Galvez, Emy L. Vasquez |
||
| 260 |
_aBulacan: _bTrinitas Publishing, _cc2004. |
||
| 300 |
_a140p.; _bill. |
||
| 504 | _aIncludes indexing and bibliography | ||
| 541 | _e1636 | ||
| 650 | _aProbabilities | ||
| 650 | _aStatistics | ||
| 700 |
_aGalvez, Miriam P. _eauthor |
||
| 700 |
_aVasquez, Emy L. _eauthor |
||
| 999 |
_c752 _d752 |
||